| 000 | 00754nam a2200241 u 4500 | ||
|---|---|---|---|
| 005 | 20240228063612.0 | ||
| 008 | 111115s2004 r 000 0 eng d | ||
| 020 | _a8426352383 | ||
| 035 | _aUPN01000182538 | ||
| 049 | _aI | ||
| 050 | 4 |
_aPQ2663 L4.5 _bS8.3 |
|
| 100 | 1 |
_aClément, Claire, _d1955- |
|
| 245 | 1 | 3 |
_aEl sueño de Alí / _cClaire Clément ; il. Stéphane Girel ; tr. Ana Ma Navarrete. |
| 260 |
_aZaragoza, Esp. : _bEdelvives, _cc2004. |
||
| 300 |
_a102 p. : _bil. |
||
| 440 | 0 |
_aAla delta. _pSerie azul ; _v34 |
|
| 534 |
_pTítulo original: _tOualid président |
||
| 650 | 4 |
_aLiteratura infantil francesa _913687 |
|
| 650 | 0 |
_aAmistad en la literatura _910763 |
|
| 650 | 4 |
_aAutoestima _92906 |
|
| 905 | _aInfantil | ||
| 999 |
_c154641 _d154641 |
||